Combien de ville des Hautes-Alpes (05) connais-tu ? - Statistiques

Statistiques générales
  • Ce quiz a été pris 10 fois
  • Le résultat moyen est 35 sur 162
Statistiques - réponses
Code postal Ville % Correct
5007 Gap
100%
5100 Briançon
78%
5230 Chorges
78%
5208 Embrun
78%
5130 Tallard
78%
5300 Laragne-Montéglin
67%
5160 Savines-le-Lac
67%
5400 Veynes
67%
5600 Guillestre
56%
5100 Montgenèvre
56%
5100 Névache
56%
5170 Orcières
56%
5290 Puy-Saint-Vincent
56%
5700 Serres
56%
5260 Ancelle
44%
5120 Argentière-la-Bessée
44%
5350 Arvieux
44%
5230 Bâtie-Neuve
44%
5600 Ceillac
44%
5380 Châteauroux-les-Alpes
44%
5700 Orpierre
44%
5600 Risoul
44%
5330 Saint-Chaffrey
44%
5260 Saint-Jean-Saint-Nicolas
44%
5350 Saint-Véran
44%
5340 Vallouise-Pelvoux
44%
5560 Vars
44%
5100 Villar-Saint-Pancrace
44%
5460 Abriès-Ristolas
33%
5140 Aspremont
33%
5140 Aspres-sur-Buëch
33%
5200 Baratier
33%
5000 Bâtie-Vieille
33%
5310 Champcella
33%
5260 Champoléon
33%
5200 Crots
33%
5600 Eygliers
33%
5320 Grave
33%
5300 Lazer
33%
5220 Monêtier-les-Bains
33%
5600 Mont-Dauphin
33%
5000 Neffes
33%
5000 Pelleautier
33%
5230 Prunières
33%
5150 Rosans
33%
5600 Saint-Crépin
33%
5120 Saint-Martin-de-Queyrières
33%
5240 Salle-les-Alpes
33%
5130 Sigoyer
33%
5190 Théus
33%
5300 Upaix
33%
5100 Val-des-Prés
33%
5480 Villar-d'Arêne
33%
5110 Vitrolles
33%
5470 Aiguilles
22%
5230 Avançon
22%
5110 Barcillonnette
22%
5100 Cervières
22%
5260 Chabottes
22%
5250 Dévoluy
22%
5300 Garde-Colombe
22%
5500 Laye
22%
5350 Molines-en-Queyras
22%
5110 Monêtier-Allemont
22%
5200 Orres
22%
5100 Puy-Saint-André
22%
5100 Puy-Saint-Pierre
22%
5200 Puy-Sanières
22%
5160 Réallon
22%
5600 Réotier
22%
5310 Roche-de-Rame
22%
5200 Saint-André-d'Embrun
22%
5150 Saint-André-de-Rosans
22%
5500 Saint-Bonnet-en-Champsaur
22%
5600 Saint-Clément-sur-Durance
22%
5800 Saint-Firmin
22%
5140 Saint-Julien-en-Beauchêne
22%
5260 Saint-Léger-les-Mélèzes
22%
5260 Saint-Michel-de-Chaillol
22%
5700 Savournon
22%
5700 Sigottier
22%
5300 Ventavon
22%
5120 Vigneaux
22%
5800 Aspres-lès-Corps
11%
5800 Aubessagne
11%
5700 Bâtie-Montsaléon
11%
5190 Bréziers
11%
5400 Chabestan
11%
5350 Château-Ville-Vieille
11%
5200 Crévoux
11%
5300 Éourres
11%
5190 Espinasses
11%
5140 Faurie
11%
5310 Freissinières
11%
5000 Freissinouse
11%
5400 Furmeyer
11%
5140 Haute-Beaume
11%
5130 Jarjayes
11%
5130 Lettret
11%
5400 Manteyer
11%
5230 Montgardin
11%
5400 Montmaur
11%
5500 Noyer
11%
5400 Oze
11%
5300 Poët
11%
5400 Rabou
11%
5190 Remollon
11%
5400 Roche-des-Arnauds
11%
5190 Rousset
11%
5160 Saint-Apollinaire
11%
5400 Saint-Auban-d'Oze
11%
5130 Saint-Étienne-le-Laus
11%
5500 Saint-Laurent-du-Cros
11%
5200 Saint-Sauveur
11%
5400 Saix
11%
5110 Saulce
11%
5160 Sauze-du-Lac
11%
5700 Trescléoux
11%
5300 Val Buëch-Méouge
11%
5300 Barret-sur-Méouge
0%
5140 Beaume
0%
5700 Bersac
0%
5500 Buissard
0%
5700 Chanousse
0%
5800 Chapelle-en-Valgaudémar
0%
5400 Châteauneuf-d'Oze
0%
5000 Châteauvieux
0%
5700 Épine
0%
5110 Esparron
0%
5700 Étoile-Saint-Cyrice
0%
5500 Fare-en-Champsaur
0%
5260 Forest-Saint-Julien
0%
5130 Fouillouse
0%
5800 Glaizil
0%
5110 Lardier-et-Valença
0%
5700 Méreuil
0%
5140 Montbrand
0%
5700 Montclus
0%
5150 Montjay
0%
5700 Montrond
0%
5500 Motte-en-Champsaur
0%
5150 Moydans
0%
5700 Nossage-et-Bénévent
0%
5700 Piarre
0%
5500 Poligny
0%
5200 Puy-Saint-Eusèbe
0%
5000 Rambaud
0%
5150 Ribeyret
0%
5190 Rochebrune
0%
5000 Rochette
0%
5700 Sainte-Colombe
0%
5800 Saint-Jacques-en-Valgodemard
0%
5500 Saint-Julien-en-Champsaur
0%
5800 Saint-Maurice-en-Valgodemard
0%
5300 Saint-Pierre-Avez
0%
5140 Saint-Pierre-d'Argençon
0%
5300 Saléon
0%
5300 Salérans
0%
5150 Sorbiers
0%
5150 Valdoule
0%
5130 Valserres
0%
5800 Villar-Loubière
0%
Aucun quiz correspondant
Distribution des résultats
% des personnes avec chaque résultat
Percentile par nombre de réponses
Votre historique - résultats
Vous n’avez pas pris ce quiz